United Nations textbook (Record no. 371937)

000 -LEADER
fixed length control field 00626cam a22001697a 4500
008 - FIXED-LENGTH DATA ELEMENTS--GENERAL INFORMATION
fixed length control field 180718b1958 xxu||||| |||| 00| 0 eng d
082 ## - DEWEY DECIMAL CLASSIFICATION NUMBER
Classification number D613 L532
245 ## - TITLE STATEMENT
Title United Nations textbook
Statement of responsibility, etc. by Leiden. University. Study Group for International Law
250 ## - EDITION STATEMENT
Edition statement 3rd ed.
260 ## - PUBLICATION, DISTRIBUTION, ETC.
Place of publication, distribution, etc. Leiden
Name of publisher, distributor, etc. Leiden Univ. Press
Date of publication, distribution, etc. 1958
300 ## - PHYSICAL DESCRIPTION
Extent 442p.
500 ## - GENERAL NOTE
General note Texts of important UN documents, constitution of ILO and texts of modern regional pacts; Rs.32.30
650 ## - SUBJECT ADDED ENTRY--TOPICAL TERM
Topical term or geographic name entry element International law --Sources
650 ## - SUBJECT ADDED ENTRY--TOPICAL TERM
Topical term or geographic name entry element Treaties --Collections
650 ## - SUBJECT ADDED ENTRY--TOPICAL TERM
Topical term or geographic name entry element United Nations
700 ## - ADDED ENTRY--PERSONAL NAME
Personal name Leiden. University. Study Group for International Law
Holdings
Withdrawn status Lost status Damaged status Not for loan Permanent Location Current Location Date acquired Full call number Barcode Date last seen Price effective from Koha item type
        Indian Institute of Public Administration Indian Institute of Public Administration 1994-06-13 D613 L532 15399 2018-07-21 2018-07-21 Book

Powered by Koha